000 00976nam a2200301 a 4500
001 000022949
005 20240425175853.0
008 101123s2000 mx a 001 0 spa d
020 _a9684443927
040 _aDO-SdBNP
_bspa
_cBNPHU
082 _a515
_bC144u, 2000
245 0 0 _aCálculo de una variable /
_cRoss L. Finney ... [et. al.] ; traducción de Óscar Alfredo Palmas Velasco.
250 _a2a ed.
260 _aMéxico :
_bPearson Educación,
_c2000.
300 _axix, 787 p. :
_bil. ;
_c25 cm.
500 _aIncluye índice.
650 4 _aCálculo
_vPROBLEMAS, EJERCICIOS, ETC.
_947186
650 4 _aVariables (matemáticas)
_947187
650 0 _aCálculo
_919730
650 4 _aCálculo de variaciones
_947188
700 1 _aFinney, Ross L.
_947189
700 1 _aDemana, Franklin D.
_947190
700 1 _aWaits, Bert K.
_947191
700 1 _aKennedy, Daniel
_947192
700 1 _aPalmas Velasco, Óscar Alfredo,
_etr.
_998
910 _aWM
049 _aBNGR
999 _c22446
_d22446